Capitals of Recognized, Non-Recognized, and Territories of the World - Statistics

General Stats
  • This quiz has been taken 131 times
  • The average score is 193 of 249
Answer Stats
Hint Answer % Correct
Palestine Jerusalem/ Ramallah
95%
Jamaica | Norfolk Island Kingston
95%
Saint Vincent & the Grenadines Kingstown
95%
Jordan Amman
89%
Kazakhstan Astana
89%
Iraq Baghdad
89%
Azerbaijan Baku
89%
Brunei Bandar Seri Begawan
89%
China Beijing
89%
Lebanon Beirut
89%
Kyrgyzstan Bishkek
89%
Syria Damascus
89%
Bangladesh Dhaka
89%
East Timor Dili
89%
Qatar Doha
89%
Cayman Islands George Town
89%
Guyana Georgetown
89%
Hong Kong Hong Kong
89%
Pakistan Islamabad
89%
Indonesia Jakarta
89%
Afghanistan Kabul
89%
Nepal Kathmandu
89%
Malaysia Kuala Lumpur
89%
Kuwait Kuwait City
89%
Maldives Malé
89%
Bahrain Manama
89%
Philippines Manila
89%
Oman Muscat
89%
Myanmar Naypyidaw
89%
India New Delhi
89%
Cyprus Nicosia
89%
Cambodia Phnom Penh
89%
Morocco Rabat
89%
Saudi Arabia Riyadh
89%
South Korea Seoul
89%
Singapore Singapore
89%
Sri Lanka Sri Jayawardenepura Kotte
89%
Georgia Tbilisi
89%
Bhutan Thimphu
89%
Japan Tokyo
89%
Mongolia Ulaanbaatar
89%
Laos Vientiane
89%
Armenia Yerevan
89%
Ghana Accra
84%
Ethiopia Addis Ababa
84%
Algeria Algiers
84%
Netherlands Amsterdam
84%
Andorra Andorra la Vella
84%
Turkey Ankara
84%
Madagascar Antananarivo
84%
Turkmenistan Ashgabat
84%
Eritrea Asmara
84%
Greece Athens
84%
Thailand Bangkok
84%
Central African Republic Bangui
84%
Gambia Banjul
84%
Guadeloupe Basse-Terre
84%
Saint Kitts & Nevis Basseterre
84%
Serbia Belgrade
84%
Germany Berlin
84%
Switzerland Bern
84%
Guinea-Bissau Bissau
84%
Colombia Bogotá
84%
Brazil Brasília
84%
Slovakia Bratislava
84%
Congo (Rep. Of) Brazzaville
84%
Belgium Brussels
84%
Romania Bucharest
84%
Hungary Budapest
84%
Egypt Cairo
84%
Moldova Chișinău
84%
Guinea Conakry
84%
Denmark Copenhagen
84%
Djibouti Djibouti
84%
Tanzania Dodoma
84%
Ireland Dublin
84%
Tajikistan Dushanbe
84%
Botswana Gaborone
84%
Guatemala Guatemala City
84%
Zimbabwe Harare
84%
Cuba Havana
84%
Finland Helsinki
84%
Israel Jerusalem/ Tel Aviv
84%
South Sudan Juba
84%
Uganda Kampala
84%
Rwanda Kigali
84%
Congo (Dem. Rep. Of) Kinshasa
84%
Ukraine Kyiv
84%
Bolivia La Paz / Sucre
84%
Gabon Libreville
84%
Malawi Lilongwe
84%
Peru Lima
84%
Portugal Lisbon
84%
Slovenia Ljubljana
84%
Togo Lomé
84%
United Kingdom London
84%
Angola Luanda
84%
Zambia Lusaka
84%
Luxembourg Luxembourg
84%
Spain Madrid
84%
Equitoreal Guinea Malabo
84%
Mozambique Maputo
84%
Lesotho Maseru
84%
Mexico Mexico City
84%
Belarus Minsk
84%
Somalia Mogadishu
84%
Monaco Monaco
84%
Liberia Monrovia
84%
Comoros Moroni
84%
Russia Moscow
84%
Kenya Nairobi
84%
Chad N'Djamena
84%
Niger Niamey
84%
Mauritania Nouakchott
84%
Greenland Nuuk
84%
Norway Oslo
84%
Canada Ottawa
84%
Burkina Faso Ouagadougou
84%
France Paris
84%
Montenegro Podgorica
84%
Mauritius Port Louis
84%
Benin Porto-Novo/ Cotonou
84%
Czech Republic Prague
84%
Cape Verde Praia
84%
South Africa Pretoria/ Cape Town/ Bloemfontein
84%
Kosovo Pristina
84%
North Korea Pyongyang
84%
Iceland Reykjavík
84%
Latvia Riga
84%
Italy Rome
84%
Dominica Roseau
84%
Grenada Saint George's
84%
Antigua & Barbuda Saint John's
84%
San Marino San Marino
84%
Chile Santiago
84%
Bosnia & Herzegovina Sarajevo
84%
North Macedonia Skopje
84%
Bulgaria Sofia
84%
Sweden Stockholm
84%
Taiwan Taipei
84%
Estonia Tallinn
84%
Iran Tehran
84%
Albania Tirana
84%
Libya Tripoli
84%
Tunisia Tunis
84%
Liechtenstein Vaduz
84%
Malta Valletta
84%
Vatican City Vatican City
84%
Seychelles Victoria
84%
Austria Vienna
84%
Lithuania Vilnius
84%
Poland Warsaw
84%
Namibia Windhoek
84%
Ivory Coast Yamoussoukro
84%
Cameroon Yaoundé
84%
Croatia Zagreb
84%
United Arab Emirates Abu Dhabi
79%
Nigeria Abuja
79%
Paraguay Asunción
79%
Mali Bamako
79%
Belize Belmopan
79%
Barbados Bridgetown
79%
Venezuela Caracas
79%
Saint Lucia Castries
79%
Senegal Dakar
79%
Sierra Leone Freetown
79%
Burundi Gitega
79%
Vietnam Hanoi
79%
Sudan Khartoum
79%
Macao Macao
79%
Nicaragua Managua
79%
Eswatini Mbabane
79%
Uruguay Montevideo
79%
Bahamas Nassau
79%
Panama Panama City
79%
Haiti Port-au-Prince
79%
Trinidad & Tobago Port-of-Spain
79%
Ecuador Quito
79%
Yemen Sana'a
79%
El Salvador San Salvador
79%
Dominican Republic Santo Domingo
79%
São Tomé & Principe São Tomé
79%
Uzbekistan Tashkent
79%
Honduras Tegucigalpa
79%
Argentina Buenos Aires
74%
Australia Canberra
74%
Gibraltar Gibraltar
74%
Suriname Paramaribo
74%
Costa Rica San José
74%
United States Washington D.C.
74%
Samoa Apia
68%
French Guiana Cayenne
68%
Isle of Man Douglas
68%
Tuvalu Funafuti
68%
Marshall Islands Majuro
68%
Palau Ngerulmud
68%
Papua New Guinea Port Moresby
68%
Vanuatu Port Vila
68%
Réunion Saint-Denis
68%
Puerto Rico San Juan
68%
Kiribati South Tarawa
68%
New Zealand Wellington
68%
Nauru Yaren
68%
Martinique Fort-de-France
63%
Bermuda Hamilton
63%
Solomon Islands Honiara
63%
Svalbard & Jan Mayen Longyearbyen
63%
Tonga Nukuʻalofa
63%
Aruba | Sint Eustatius Oranjestad
63%
Micronesia (Fed. States) Palikir
63%
Jersey Saint Helier
63%
Guernsey Saint Peter Port
63%
Saint-Pierre and Miquelon Saint-Pierre
63%
Falkland Islands Stanley
63%
Fiji Suva
63%
Faroe Islands Tórshavn
63%
Curaçao Willemstad
63%
U.S. Virgin Islands Charlotte Amalie
58%
Montserrat Plymouth
58%
British Virgin Islands Road Town
58%
Anguilla The Valley
58%
Turks and Caicos Islands Cockburn Town
53%
New Caledonia Nouméa
53%
French Polynesia Papeete
53%
Pitcairn Islands Adamstown
47%
Somaliland Hargeisa
47%
Saint Helena Jamestown
47%
Western Sahara Laayoune
47%
American Samoa Pago Pago
47%
Northern Mariana Islands Saipan
47%
Transnistria Tiraspol
47%
Cocos (Keeling) Islands West Island
47%
Christmas Island Flying Fish Cove
42%
Bonaire Kralendijk
42%
Saba The Bottom
42%
Cook Islands Avarua
37%
Saint Barthélemy Gustavia
37%
Guam Hagåtña
37%
Mayotte Mamoudzou
37%
Saint Martin Marigot
37%
Wallis and Futuna Mata Utu
37%
Sint Maarten Philipsburg
37%
Abkhazia Sokhumi
37%
Niue Alofi
32%
Easter Island Hanga Roa
32%
Åland Islands Mariehamm
32%
South Ossetia Tskhinvali
32%
No matching quizzes found
Score Distribution
Percent of People with Each Score
Percentile by Number Answered
Your Score History
You have not taken this quiz